Mass Transfer in Multicomponent Mixtures + CD-ROM

Enregistré dans:
Détails bibliographiques
Auteur principal: Wesselingh, J.A
Autres auteurs: Krishna, R.
Format: Livre
Langue:anglais
Publié: Delft Delft University Press 2000
Sujets:
Accès en ligne:Voir à l'OPAC
Tags: Ajouter un tag
Pas de tags, Soyez le premier à ajouter un tag!

MARC

LEADER 00000nam a2200000 a 4500
005 20260127134139.0
008 060306 2000 ne 000 0 eng d
020 |a 9040720711 
035 |a vtls008628242 
039 9 |a 200603060911  |b mschk03  |y 200603060849  |z mschk03 
040 |a STUSCHK1  |b slo  |c STUSCHK1  |e AACR2 
100 1 |a Wesselingh, J.A 
245 1 |a Mass Transfer in Multicomponent Mixtures  |b + CD-ROM 
260 |a Delft  |b Delft University Press  |c 2000 
300 |a 329 p. 
650 0 |a mass transfer  |x multicomponent  |y mixtures  |z distillation 
700 1 |a Krishna, R. 
910 |a SCHK95 
919 |a 90-407-2071-1 
999 |c 5174  |d 5174